000 00281nam a22001337a 4500
020 _a0-905114-39-6
082 _a823
_b823
100 _aAND/R
245 _aANDERTON, C. J
260 _aUK
_bLEARNING DEVELOPMENT AIDS
300 _a44
650 _aENGLISH SHORT STORY
942 _cBK
999 _c3564
_d3564